00713 2200277 4500001002100000005001500021035002000036007000300056008004100059020002200100082000800122084001400130100002500144245005100169250001000220260004800230300003700278500001100315500001400326650002600340504002500366990001100391990001100402990001100413990001100424INLIS00000000000566820200630091500 a0010-0420000062ta200630 g 0 ind  a978-602-8552-19-6 a030 a030 AND e0 aANDARINI, Trisnasari1 aEnsiklopedi Teknologi 3 /cAndarini Trisnasari acet.2 aJakarta :bKenanga Pustaka Indonesia,c2011 aviii, 62 hlm. :bilus. ;c25 cm. aIndeks aGlosarium 4aENSIKLOPEDI DAN KAMUS aBibliografi : hlm.62 a7396 a a7396 b a7396 c a7396 d